[Event "21st WCh U20 Girls"]
[Site "Nakhchivan AZE"]
[Date "2003.06.29"]
[Round "7"]
[White "Rajmohan, Mahima"]
[Black "Valickova, Martina"]
[Result "1/2-1/2"]
[WhiteElo "2104"]
[BlackElo "2046"]
[EventDate "2003.06.22"]
[PlyCount "134"]

1.e4 e5 2.Nf3 Nc6 3.Bc4 Nf6 4.d3 Be7 5.c3 O-O 6.h3 d5 7.exd5 Nxd5 8.O-O 
Nb6 9.Bb5 Bd6 10.Re1 Re8 11.Ng5 h6 12.Ne4 Bf8 13.Qf3 Bd7 14.Qg3 f5 15.Ned2
Qf6 16.Nc4 Nxc4 17.Bxc4+ Kh8 18.Nd2 Bd6 19.Qf3 Rf8 20.Nf1 Na5 21.Ne3 Bc6 
22.Bd5 Bd7 23.Bd2 Nc6 24.Bb3 Ne7 25.Nd5 Nxd5 26.Bxd5 c6 27.Bb3 Rad8 28.
Rad1 Be8 29.Be3 Qh4 30.Qg3 Qxg3 31.fxg3 a6 32.Be6 Bh5 33.g4 fxg4 34.Bxg4 
Bxg4 35.hxg4 Bc7 36.d4 exd4 37.Bxd4 Rd7 38.Re6 c5 39.Bxg7+ Rxg7 40.Rxh6+ 
Kg8 41.Rd5 Bf4 42.Rh3 Re7 43.Rf3 b6 44.Kf2 Bc1 45.b3 Bf4 46.Rf5 Bh6 47.
Rxf8+ Bxf8 48.Rf6 Rb7 49.Rc6 Bg7 50.c4 Kf7 51.Kf3 Bd4 52.g5 Kg7 53.Re6 a5 
54.Ke4 b5 55.cxb5 Rxb5 56.Ra6 Bc3 57.Kd5 Bb4 58.Ra8 Rb6 59.Ke5 Rb7 60.Kf5 
Rf7+ 61.Kg4 Bc3 62.Rc8 Bb4 63.Ra8 Rc7 64.Kf5 Bd2 65.Ra6 Rf7+ 66.Kg4 Bc3 
67.Rc6 Rf2 1/2-1/2

[Event "21st WCh U20 Girls"]
[Site "Nakhchivan AZE"]
[Date "2003.06.29"]
[Round "7"]
[White "Charbonneau, Anne-Marie"]
[Black "Verot, Melanie"]
[Result "1/2-1/2"]
[WhiteElo "2052"]
[BlackElo "2092"]
[EventDate "2003.06.22"]
[PlyCount "46"]

1.d4 d5 2.c4 e6 3.Nc3 c5 4.cxd5 exd5 5.Nf3 Nc6 6.g3 Nf6 7.Bg2 Be7 8.O-O 
O-O 9.Bg5 c4 10.Ne5 Be6 11.b3 Qa5 12.Nxc6 bxc6 13.Qc2 Rfd8 14.e3 Rac8 15.
Na4 c5 16.Nxc5 Bxc5 17.dxc5 Qxc5 18.Bxf6 gxf6 19.Rfd1 d4 20.exd4 Rxd4 21.
Rxd4 Qxd4 22.Rd1 Qe5 23.bxc4 Bxc4 1/2-1/2

[Event "21st WCh U20 Girls"]
[Site "Nakhchivan AZE"]
[Date "2003.06.29"]
[Round "7"]
[White "Van der Merwe, Cecile"]
[Black "Morales Mendoza, Luciana"]
[Result "0-1"]
[WhiteElo "2068"]
[BlackElo "2051"]
[EventDate "2003.06.22"]
[PlyCount "68"]

1.e4 e6 2.d4 d5 3.Nc3 Nf6 4.Bg5 Bb4 5.e5 h6 6.Bd2 Bxc3 7.bxc3 Ne4 8.Qg4 
Kf8 9.h4 Nxd2 10.Kxd2 c5 11.Rh3 c4 12.Ne2 b5 13.Nf4 Rg8 14.Qh5 a5 15.Rf3 
Ra7 16.g4 Nc6 17.a3 Qb6 18.Ne2 b4 19.axb4 axb4 20.Rxa7 bxc3+ 21.Rxc3 Qxa7 
22.Ke3 Qa5 23.f4 Nxd4 24.Rxc4 dxc4 25.Kxd4 Qd2+ 26.Kc5 Qe1 27.g5 Qxf1 28.
gxh6 Qf2+ 29.Kc6 gxh6 30.Qxh6+ Ke8 31.Qh7 Bd7+ 32.Kb7 Qg2+ 33.Kc7 Qc6+ 34.
Kb8 Qb6+ 0-1

[Event "21st WCh U20 Girls"]
[Site "Nakhchivan AZE"]
[Date "2003.06.29"]
[Round "7"]
[White "Mammadova, Nargiz"]
[Black "Yilmaz, Ezgi"]
[Result "0-1"]
[WhiteElo "2122"]
[BlackElo "1986"]
[EventDate "2003.06.22"]
[PlyCount "82"]

1.Nf3 d5 2.c4 c6 3.b3 Nf6 4.g3 e6 5.Bg2 Bd6 6.Bb2 O-O 7.O-O Re8 8.d3 c5 9.
cxd5 exd5 10.d4 Nc6 11.dxc5 Bxc5 12.Nc3 Be6 13.e3 Bf8 14.Rc1 Qd7 15.Re1 
Rad8 16.Nd4 Nxd4 17.Qxd4 b6 18.Red1 Bc5 19.Qh4 Be7 20.Qd4 Bc5 21.Qa4 Qe7 
22.Nb5 a6 23.Nd4 Bd7 24.Qxa6 Ra8 25.Qe2 Rxa2 26.Ra1 Rea8 27.Rxa2 Rxa2 28.
Ra1 Rxa1+ 29.Bxa1 Ne4 30.Qa2 Qf8 31.Nc2 Be6 32.Qb2 f6 33.b4 Bd6 34.Qd4 Qb8
35.Bxe4 dxe4 36.Qxe4 Qc8 37.Nd4 Bh3 38.Qd5+ Kh8 39.Nc6 Bxb4 40.Bd4 Be7 41.
f3 Qa6 0-1

[Event "21st WCh U20 Girls"]
[Site "Nakhchivan AZE"]
[Date "2003.06.29"]
[Round "7"]
[White "Agaeva, Shahana"]
[Black "Umudova, Nargiz"]
[Result "0-1"]
[WhiteElo "2107"]
[BlackElo "1922"]
[EventDate "2003.06.22"]
[PlyCount "130"]

1.e4 c6 2.Nc3 d5 3.Nf3 dxe4 4.Nxe4 Nf6 5.Nxf6+ gxf6 6.g3 e5 7.Bg2 Bg4 8.h3
Bh5 9.g4 Bg6 10.d4 Nd7 11.Nh4 Nb6 12.Nxg6 hxg6 13.dxe5 Qxd1+ 14.Kxd1 
O-O-O+ 15.Ke2 Re8 16.Re1 Bc5 17.Kf1 fxe5 18.Bg5 Rhf8 19.Rad1 f5 20.Be3 
Bxe3 21.Rxe3 fxg4 22.hxg4 Rf4 23.Re4 Rf7 24.Rd6 Rg7 25.c4 Rf8 26.g5 Kc7 
27.Rd3 Rgf7 28.f3 Rf5 29.Rg4 Nd7 30.Re3 Nc5 31.Ke2 Ne6 32.Rge4 Rxg5 33.Bf1
Kd6 34.Kd2 Nd4 35.c5+ Kc7 36.Be2 Rg2 37.Rg4 Rh2 38.Rxg6 Nxf3+ 39.Kd3 Ne1+ 
40.Ke4 Nc2 41.Rg7+ Kb8 42.Rb3 Rxe2+ 43.Kd3 Rd8+ 44.Kxe2 Nd4+ 45.Ke3 Nxb3 
46.axb3 a5 47.Rg4 Rd5 48.b4 axb4 49.Rxb4 Rxc5 50.Kd3 Kc7 51.Rh4 Rd5+ 52.
Kc3 Kb6 53.Rg4 Kc5 54.Rh4 Rd4 55.Rh7 b5 56.Rh6 Kd5 57.b3 Rg4 58.Rh3 c5 59.
Rd3+ Rd4 60.Rh3 b4+ 61.Kc2 Rg4 62.Rd3+ Ke4 63.Rd2 Rg3 64.Kb2 Rc3 65.Rh2 
Kd4 0-1

[Event "21st WCh U20 Girls"]
[Site "Nakhchivan AZE"]
[Date "2003.06.30"]
[Round "8"]
[White "Ubiennykh, Ekaterina"]
[Black "Dzagnidze, Nana"]
[Result "1/2-1/2"]
[WhiteElo "2293"]
[BlackElo "2376"]
[EventDate "2003.06.22"]
[PlyCount "162"]

1.d4 c5 2.d5 e5 3.Nc3 d6 4.e4 g6 5.Nf3 Bg7 6.Nd2 Nf6 7.a4 O-O 8.Nc4 Ne8 9.
h4 Na6 10.h5 Nb4 11.hxg6 fxg6 12.Be2 Bf6 13.Bh6 Rf7 14.Qd2 b6 15.Nb5 Be7 
16.c3 Na6 17.Bf3 Nac7 18.Be3 Nxb5 19.axb5 Bd7 20.Na3 a6 21.bxa6 Rxa6 22.
O-O Nf6 23.Qe2 Qa8 24.Nc2 b5 25.Rxa6 Qxa6 26.Ra1 Qb7 27.b4 c4 28.Ra7 Qc8 
29.Qd1 Qf8 30.Qa1 Qg7 31.Bg5 Bf8 32.Qa5 h6 33.Bxf6 Qxf6 34.Qb6 h5 35.Na3 
Qg5 36.Qe3 Qh4 37.Rb7 Kh7 38.Qa7 Qe7 39.Nxb5 Bg7 40.Na3 Qg5 41.Qe3 Qf6 42.
Nxc4 h4 43.Qa7 Be8 44.Rxf7 Bxf7 45.Nxd6 Qxd6 46.Qxf7 Qa6 47.Qc7 Qa1+ 48.
Kh2 Qe1 49.Qa7 Qd2 50.Qe3 Qa2 51.Bg4 Bh6 52.Qe1 Bf4+ 53.Kg1 Bd2 54.Qd1 
Bxc3 55.Qf3 Bxb4 56.Qf7+ Kh6 57.Kh2 Bc5 58.Bf5 Qa6 59.Bd7 Qe2 60.Bf5 Qa6 
61.Qe6 Qxe6 62.Bxe6 Bxf2 63.Kh3 Kg5 64.d6 Bb6 65.d7 Bd8 66.Bd5 Kf4 67.Kh2 
g5 68.Kg1 Bb6+ 69.Kh2 g4 70.Bc6 Ke3 71.Bd5 Bd8 72.Bc6 Bg5 73.Bd5 Bf4+ 74.
Kg1 Bg5 75.Kh2 Bd8 76.Bc6 Kf2 77.Bd5 Bb6 78.Be6 h3 79.g3 Kf3 80.Bf5 Bd8 
81.Bh7 Ke3 1/2-1/2

[Event "21st WCh U20 Girls"]
[Site "Nakhchivan AZE"]
[Date "2003.06.30"]
[Round "8"]
[White "Tania, Sachdev"]
[Black "Calotescu, Ana-Cristina"]
[Result "1/2-1/2"]
[WhiteElo "2245"]
[BlackElo "2334"]
[EventDate "2003.06.22"]
[PlyCount "108"]

1.d4 Nf6 2.c4 g6 3.g3 Bg7 4.Bg2 O-O 5.Nf3 c5 6.Nc3 d6 7.O-O Nc6 8.dxc5 
dxc5 9.Bf4 Qa5 10.Nd2 Be6 11.Nd5 Bxd5 12.cxd5 Nb4 13.Nb3 Qb6 14.e4 c4 15.
Nd2 Qa6 16.Be5 Nd3 17.Bc3 Rac8 18.a4 Rfd8 19.Bh3 Rc7 20.Qc2 Bh6 21.Rfd1 
Bxd2 22.Bxf6 Nxf2 23.Be5 Nxh3+ 24.Kg2 Rcc8 25.Qxd2 f6 26.Bxf6 Qxf6 27.Kxh3
c3 28.bxc3 Rxc3 29.Qd4 Qxd4 30.Rxd4 Rc2 31.Rb4 b6 32.a5 Rd6 33.axb6 axb6 
34.Rab1 Rf6 35.R1b2 Rxb2 36.Rxb2 Rd6 37.Kg4 e5 38.Rc2 Rd8 39.Rc7 Rb8 40.d6
Rd8 41.Rc6 b5 42.Rb6 b4 43.Rxb4 Rxd6 44.Rb8+ Kg7 45.Rb7+ Kf6 46.Rxh7 Rd4 
47.Kf3 Rd3+ 48.Ke2 Ra3 49.Rd7 Ke6 50.Rd3 Ra2+ 51.Rd2 Ra3 52.Rd3 Ra2+ 53.
Rd2 Ra3 54.Rd3 Ra2+ 1/2-1/2

[Event "21st WCh U20 Girls"]
[Site "Nakhchivan AZE"]
[Date "2003.06.30"]
[Round "8"]
[White "Makka, Ioulia"]
[Black "Ismailova, Aytaj"]
[Result "1-0"]
[WhiteElo "2234"]
[BlackElo "2168"]
[EventDate "2003.06.22"]
[PlyCount "87"]

1.e4 c5 2.Nf3 d6 3.d4 cxd4 4.Nxd4 Nf6 5.Nc3 a6 6.Be2 e5 7.Nb3 Be7 8.O-O 
O-O 9.Be3 Nbd7 10.a4 b6 11.f3 Bb7 12.Bc4 Qc7 13.Qe2 Rfc8 14.Nd2 d5 15.Nxd5
Nxd5 16.exd5 Nf6 17.Qd3 Rd8 18.Qb3 Bc5 19.Rfe1 Bxd5 20.Bxc5 Qxc5+ 21.Qe3 
Rac8 22.Bd3 Qb4 23.b3 Re8 24.Re2 h6 25.Rae1 e4 26.Nxe4 Bxe4 27.Bxe4 Nxe4 
28.fxe4 f5 29.e5 Qc5 30.Qxc5 Rxc5 31.e6 Re7 32.c4 b5 33.cxb5 axb5 34.Re5 
Rxe5 35.Rxe5 bxa4 36.bxa4 g6 37.a5 Kg7 38.a6 Kf6 39.Re2 g5 40.g3 h5 41.h3 
h4 42.gxh4 gxh4 43.Kf2 f4 44.Kf3 1-0

[Event "21st WCh U20 Girls"]
[Site "Nakhchivan AZE"]
[Date "2003.06.30"]
[Round "8"]
[White "Morales Mendoza, Luciana"]
[Black "Sergeeva, Maria"]
[Result "1/2-1/2"]
[WhiteElo "2051"]
[BlackElo "2340"]
[EventDate "2003.06.22"]
[PlyCount "85"]

1.Nf3 Nf6 2.d4 d6 3.g3 g6 4.Bg2 Bg7 5.O-O O-O 6.c4 Nbd7 7.Nc3 e5 8.e4 c6 
9.h3 Qb6 10.Re1 Re8 11.c5 dxc5 12.dxe5 Nxe5 13.Nxe5 Rxe5 14.f4 Re8 15.e5 
Rd8 16.Qc2 Bf5 17.Qf2 Nd5 18.Na4 Qc7 19.Nxc5 Nb4 20.g4 Bd3 21.Rd1 Bc4 22.
Bd2 Qb6 23.b3 Nd3 24.Nxd3 Bxd3 25.Qxb6 axb6 26.Be3 Bc2 27.Rxd8+ Rxd8 28.
Rc1 Bd1 29.Bxb6 Rd7 30.Be3 Be2 31.Kf2 Ba6 32.Bf3 g5 33.Rd1 Rxd1 34.Bxd1 
Bd3 35.Be2 Bb1 36.a4 gxf4 37.Bxf4 Bf8 38.Be3 Bb4 39.Bc4 Bc2 40.g5 Bc3 41.
Bf4 Kg7 42.h4 Bd1 43.Bg3 1/2-1/2

[Event "21st WCh U20 Girls"]
[Site "Nakhchivan AZE"]
[Date "2003.06.30"]
[Round "8"]
[White "Mamedyarova, Zeinab"]
[Black "Saheli, Nath"]
[Result "1-0"]
[WhiteElo "2298"]
[BlackElo "2078"]
[EventDate "2003.06.22"]
[PlyCount "123"]

1.d4 Nf6 2.c4 g6 3.Nc3 Bg7 4.e4 d6 5.f4 O-O 6.Be2 c5 7.d5 e6 8.dxe6 fxe6 
9.Nf3 Nc6 10.O-O e5 11.fxe5 dxe5 12.Bg5 Qxd1 13.Raxd1 Bg4 14.h3 Bxf3 15.
Bxf3 Nd4 16.Nd5 Rf7 17.Be3 Raf8 18.Bxd4 cxd4 19.Rfe1 Bh6 20.Rd3 b6 21.Re2 
Rc8 22.b3 Kg7 23.Kf2 Nd7 24.Rd1 Nc5 25.Kg1 Rcf8 26.Rb2 Ne6 27.Bg4 Nc5 28.
Bf3 Ne6 29.h4 Nf4 30.Nb4 Rc8 31.Bg4 Re8 32.g3 Ne6 33.Bxe6 Rxe6 34.Nd5 Re8 
35.b4 Rc8 36.Rc2 g5 37.hxg5 Bxg5 38.c5 Rc6 39.Kg2 Kg6 40.a4 h6 41.Rd3 Be7 
42.a5 b5 43.Rf3 Bd8 44.Rcf2 Rxf3 45.Rxf3 Kg7 46.Rf5 Re6 47.Kf3 a6 48.Ke2 
Bg5 49.Nc7 Rc6 50.Ne8+ Kg6 51.Rxe5 Bf6 52.Nxf6 Kxf6 53.Rh5 Ke7 54.Kd3 Rg6 
55.Kxd4 Ke6 56.g4 Kd7 57.Ke5 Ke7 58.Kf4 Rf6+ 59.Rf5 Rg6 60.Re5+ Kf7 61.Rd5
Rf6+ 62.Rf5 1-0

[Event "21st WCh U20 Girls"]
[Site "Nakhchivan AZE"]
[Date "2003.06.30"]
[Round "8"]
[White "Khudaverdieva, Afag"]
[Black "Harika, Dronavalli"]
[Result "1/2-1/2"]
[WhiteElo "2063"]
[BlackElo "2294"]
[EventDate "2003.06.22"]
[PlyCount "123"]

1.d4 Nf6 2.c4 g6 3.Nc3 Bg7 4.e4 d6 5.Be2 O-O 6.Nf3 e5 7.Be3 Ng4 8.Bg5 f6 
9.Bc1 Nc6 10.d5 Ne7 11.h3 Nh6 12.h4 Nf7 13.h5 g5 14.Qc2 h6 15.g4 c6 16.Be3
Qc7 17.Nd2 Bd7 18.O-O Kh8 19.Rfd1 Rfc8 20.Nf1 cxd5 21.Nxd5 Nxd5 22.exd5 
Kg8 23.Ng3 Re8 24.Qe4 Qc8 25.f3 f5 26.Nxf5 Bxf5 27.gxf5 Bf6 28.c5 dxc5 29.
d6 Rd8 30.Bc4 Kg7 31.Be6 Qc6 32.Qxc6 bxc6 33.Bxc5 Rdb8 34.Rab1 Nd8 35.b4 
Nb7 36.a4 Rd8 37.a5 a6 38.Bb3 Rd7 39.Be6 Rdd8 40.Bb6 Rxd6 41.Rxd6 Nxd6 42.
Bd7 Nc4 43.Bxc6 Rb8 44.Ba7 Rd8 45.Rc1 Nd2 46.b5 axb5 47.Bb6 Rc8 48.a6 Nb3 
49.Rc3 Nd4 50.a7 Ne2+ 51.Kf2 Nxc3 52.Bc7 Be7 53.Bxe5+ Kf7 54.a8=Q Rxa8 55.
Bxa8 b4 56.Ke3 Bf6 57.Bxc3 bxc3 58.Be4 Ke7 59.Bc2 Kd6 60.Ke4 Kc5 61.Bd1 
Kc4 62.Bc2 1/2-1/2

[Event "21st WCh U20 Girls"]
[Site "Nakhchivan AZE"]
[Date "2003.06.30"]
[Round "8"]
[White "Mamedyarova, Turkan"]
[Black "Topel, Zehra"]
[Result "0-1"]
[WhiteElo "2222"]
[BlackElo "2092"]
[EventDate "2003.06.22"]
[PlyCount "78"]

1.d4 Nf6 2.c4 g6 3.Nc3 Bg7 4.e4 d6 5.f4 O-O 6.Nf3 Na6 7.e5 Ne8 8.Be3 c6 9.
Qd2 Nec7 10.h4 h5 11.Bd3 c5 12.d5 e6 13.exd6 Qxd6 14.dxe6 Bxe6 15.a3 Rad8 
16.O-O-O Rfe8 17.f5 Bxf5 18.Bxf5 Qxd2+ 19.Bxd2 gxf5 20.Rh3 Ne6 21.Nd5 Nac7
22.Bg5 Nxg5 23.Nxg5 Nxd5 24.cxd5 Re2 25.Rf3 Bxb2+ 26.Kb1 Rd6 27.Rb3 Bf6 
28.Rxb7 Bxg5 29.hxg5 Rxg2 30.Rc7 Rxg5 31.Rc6 Rgg6 32.Rxc5 f4 33.Rc4 Rgf6 
34.Re4 f3 35.Re5 f2 36.Rf1 h4 37.Kb2 h3 38.Re8+ Kg7 39.Re3 h2 0-1

[Event "21st WCh U20 Girls"]
[Site "Nakhchivan AZE"]
[Date "2003.06.30"]
[Round "8"]
[White "Valickova, Martina"]
[Black "Karavade, Eesha"]
[Result "0-1"]
[WhiteElo "2046"]
[BlackElo "2199"]
[EventDate "2003.06.22"]
[PlyCount "82"]

1.e4 c5 2.Nf3 d6 3.d4 cxd4 4.Nxd4 Nf6 5.Nc3 a6 6.f4 e5 7.Nf3 Nbd7 8.a4 Be7
9.Bd3 O-O 10.O-O exf4 11.Kh1 Ne5 12.Bxf4 Qc7 13.Nxe5 dxe5 14.Bg5 Be6 15.
Bxf6 Bxf6 16.Rxf6 gxf6 17.Qh5 Kh8 18.Rf1 Qe7 19.Qh4 Rae8 20.Rf3 Rg8 21.Nd1
Rg5 22.Ne3 Reg8 23.b3 R8g6 24.Qf2 Rh6 25.Bc4 Rhg6 26.h4 Rh6 27.Kg1 Rg8 28.
Kf1 Qd8 29.Bd5 Qe7 30.Bc4 Rd8 31.Bd3 Rg6 32.h5 Rg5 33.Rxf6 Rxh5 34.Nd5 
Rh1+ 35.Ke2 Bxd5 36.exd5 e4 37.Bc4 e3 38.Qf4 Qb4 39.Rxf7 Qd2+ 40.Kf3 Qf2+ 
41.Ke4 Rh4 0-1

[Event "21st WCh U20 Girls"]
[Site "Nakhchivan AZE"]
[Date "2003.06.30"]
[Round "8"]
[White "Mammadova, Nargiz"]
[Black "Nowak, Dominika"]
[Result "1/2-1/2"]
[WhiteElo "2122"]
[BlackElo "2098"]
[EventDate "2003.06.22"]
[PlyCount "164"]

1.c4 e5 2.Nc3 Nc6 3.g3 g6 4.Bg2 Bg7 5.Nf3 d6 6.O-O Be6 7.d3 Qc8 8.Nd5 Nce7
9.Ng5 Bd7 10.c5 h6 11.Nxe7 Nxe7 12.Ne4 d5 13.Nc3 c6 14.e4 d4 15.Ne2 Bh3 
16.f4 h5 17.fxe5 h4 18.Bxh3 Qxh3 19.Nf4 Qd7 20.e6 fxe6 21.Qg4 O-O-O 22.
Qxe6 hxg3 23.hxg3 Rdg8 24.Kg2 b6 25.cxb6 axb6 26.b4 Kc7 27.Qxd7+ Kxd7 28.
Nh3 Ra8 29.Rf7 Be5 30.a4 Bd6 31.Bd2 Rh5 32.Nf4 Bxf4 33.Rxf4 Rah8 34.Rd1 
Rh2+ 35.Kf3 Ke6 36.e5 Nd5 37.Rg4 Kf7 38.Rxd4 R8h5 39.Bf4 g5 40.Bc1 Ke6 41.
Re1 Rh7 42.Bxg5 c5 43.bxc5 bxc5 44.Rc4 Rc7 45.Rec1 Kxe5 46.Rxc5 Rxc5 47.
Rxc5 Kd4 48.Rb5 Ra2 49.a5 Ra3 50.Bh6 Rxd3+ 51.Kg4 Ra3 52.Bf8 Ra4 53.Kf5 
Ra2 54.Bd6 Rf2+ 55.Kg5 Rc2 56.a6 Ra2 57.a7 Rxa7 58.Bc5+ Kc4 59.Bxa7 Kxb5 
60.Kf5 Kc6 61.Ke6 Nc7+ 62.Kf7 Kd5 63.g4 Ke5 64.Be3 Nd5 65.Bh6 Nc7 66.g5 
Kf5 67.g6 Ne6 68.Bd2 Nd8+ 69.Kg7 Ne6+ 70.Kh6 Kf6 71.Bb4 Kf5 72.Be7 Ke5 73.
Kh7 Kf5 74.Bd6 Kg5 75.Be7+ Kf5 76.Kh6 Ke5 77.Bh4 Kf5 78.Bg5 Ke5 79.Bd2 Kf6
80.Bc3+ Kf5 81.Bb2 Kf4 82.Kh7 Nf8+ 1/2-1/2

[Event "21st WCh U20 Girls"]
[Site "Nakhchivan AZE"]
[Date "2003.06.30"]
[Round "8"]
[White "Verot, Melanie"]
[Black "Agaeva, Shahana"]
[Result "0-1"]
[WhiteElo "2092"]
[BlackElo "2107"]
[EventDate "2003.06.22"]
[PlyCount "98"]

1.e4 d6 2.d4 Nf6 3.Nc3 g6 4.f4 Bg7 5.Bd3 O-O 6.Nf3 Nc6 7.a3 Bg4 8.Be3 e5 
9.fxe5 dxe5 10.d5 Nd4 11.Be2 Nxe2 12.Qxe2 Nh5 13.O-O-O Qc8 14.Qf2 Bxf3 15.
Qxf3 c6 16.Bc5 Re8 17.Rhf1 Nf6 18.Be3 Qg4 19.dxc6 bxc6 20.Rd6 Re6 21.Rfd1 
Bf8 22.Rd8 Rxd8 23.Rxd8 Qh4 24.g3 Qxh2 25.Bxa7 Ne8 26.Rd1 h5 27.Ne2 Rf6 
28.Qe3 Nd6 29.Qd3 Nb5 30.Bg1 Qg2 31.Re1 Nd6 32.Nc3 Rf3 33.Qa6 Qxg3 34.Rd1 
Qg4 35.Kb1 Nxe4 36.Nxe4 Qxe4 37.Bb6 Kg7 38.Ba5 Rh3 39.Qf1 Rh2 40.Bd2 Qe2 
41.Qxe2 Rxe2 42.a4 Re4 43.b3 Bc5 44.Bg5 Rg4 45.Bd8 h4 46.a5 h3 47.Bc7 Bd4 
48.a6 h2 49.a7 Rg1 0-1

[Event "21st WCh U20 Girls"]
[Site "Nakhchivan AZE"]
[Date "2003.06.30"]
[Round "8"]
[White "Rajmohan, Mahima"]
[Black "Van der Merwe, Cecile"]
[Result "0-1"]
[WhiteElo "2104"]
[BlackElo "2068"]
[EventDate "2003.06.22"]
[PlyCount "84"]

1.e4 e6 2.d4 d5 3.Nd2 c5 4.exd5 exd5 5.Ngf3 Nf6 6.Bb5+ Bd7 7.Qe2+ Be7 8.
O-O O-O 9.c3 Re8 10.Bxd7 Nbxd7 11.Nb3 c4 12.Nbd2 Bd6 13.Qd1 Qc7 14.Re1 
Rxe1+ 15.Qxe1 Re8 16.Qd1 Nf8 17.Nf1 Ng6 18.h3 Nf4 19.Bxf4 Bxf4 20.Qc2 Qd7 
21.Re1 Rxe1 22.Nxe1 Qe6 23.Nf3 Ne4 24.Qa4 a6 25.Qa5 h6 26.Qb4 b5 27.Qa5 
Kh7 28.Qd8 Bc1 29.Ne5 Bxb2 30.Nd7 Ba3 31.Ne3 Nxc3 32.Nb6 Qd6 33.Qxd6 Bxd6 
34.Nbxd5 Nxa2 35.Nf5 Bb4 36.Nc7 Kg6 37.g4 c3 38.Ne3 Bd6 39.Nxa6 b4 40.Nc5 
Bxc5 41.dxc5 b3 42.c6 b2 0-1

[Event "21st WCh U20 Girls"]
[Site "Nakhchivan AZE"]
[Date "2003.07.01"]
[Round "9"]
[White "Harika, Dronavalli"]
[Black "Ubiennykh, Ekaterina"]
[Result "0-1"]
[WhiteElo "2294"]
[BlackElo "2293"]
[EventDate "2003.06.22"]
[PlyCount "116"]

1.Nf3 d5 2.d4 Nf6 3.c4 c6 4.e3 e6 5.Nbd2 Nbd7 6.Bd3 Bd6 7.e4 dxe4 8.Nxe4 
Nxe4 9.Bxe4 Nf6 10.Bc2 Bb4+ 11.Bd2 Bxd2+ 12.Qxd2 O-O 13.O-O-O Qc7 14.Qg5 
b6 15.h4 c5 16.h5 h6 17.Qe3 cxd4 18.Rxd4 Bb7 19.Rf4 Rac8 20.Ne5 Qc5 21.Qe2
Rfd8 22.Re1 Rd6 23.Kb1 Rcd8 24.Rd1 Rxd1+ 25.Bxd1 Rxd1+ 26.Qxd1 Qxe5 27.g3 
Qxh5 28.Qxh5 Nxh5 29.Rd4 Nf6 30.Rd8+ Kh7 31.b4 g5 32.c5 bxc5 33.bxc5 h5 
34.Kb2 h4 35.gxh4 gxh4 36.Rd4 Kg6 37.Rxh4 Ne4 38.Rh2 Nxc5 39.Kc3 Bd5 40.
Kd4 Ne4 41.a3 a5 42.f3 Ng5 43.Kc5 Nxf3 44.Rg2+ Kf5 45.Rf2 Kf4 46.Kb5 e5 
47.Kxa5 e4 48.Kb4 Ke3 49.Rc2 Kd3 50.Rc5 Kd4 51.a4 e3 52.Rc2 Kd3 53.Rc5 Be4
54.Rc3+ Kd2 55.Rc4 f5 56.a5 e2 57.Rxe4 fxe4 58.a6 e1=Q 0-1

[Event "21st WCh U20 Girls"]
[Site "Nakhchivan AZE"]
[Date "2003.07.01"]
[Round "9"]
[White "Calotescu, Ana-Cristina"]
[Black "Makka, Ioulia"]
[Result "1-0"]
[WhiteElo "2334"]
[BlackElo "2234"]
[EventDate "2003.06.22"]
[PlyCount "91"]

1.Nf3 d5 2.c4 e6 3.g3 Nf6 4.Bg2 Be7 5.O-O O-O 6.d4 Nbd7 7.Qc2 c5 8.dxc5 
Nxc5 9.Bg5 Nce4 10.cxd5 Qxd5 11.Nc3 Nxc3 12.bxc3 e5 13.Bxf6 Bxf6 14.Ng5 e4
15.Nxe4 Qe6 16.Nxf6+ Qxf6 17.Rab1 Rb8 18.Rb4 b6 19.Rf4 Qe5 20.Rd1 Be6 21.
Rfd4 Rbc8 22.R1d3 Rfe8 23.Qd2 Qb5 24.Bd5 Bh3 25.Rb4 Qd7 26.Bg2 Qe6 27.Re4 
Qxe4 28.Bxe4 Rxe4 29.Rd8+ Re8 30.Rxe8+ Rxe8 31.f3 Be6 32.Kf2 Rc8 33.a3 Kf8
34.Qd6+ Ke8 35.Qd4 f6 36.Qa4+ Bd7 37.Qe4+ Kf8 38.Ke1 Be8 39.Kd2 Rd8+ 40.
Kc1 Kg8 41.Qe7 Ra8 42.Qb7 Rd8 43.Qxa7 b5 44.Qe7 Ra8 45.e4 Bf7 46.Qb7 1-0

[Event "21st WCh U20 Girls"]
[Site "Nakhchivan AZE"]
[Date "2003.07.01"]
[Round "9"]
[White "Sergeeva, Maria"]
[Black "Mamedyarova, Turkan"]
[Result "1-0"]
[WhiteElo "2340"]
[BlackElo "2222"]
[EventDate "2003.06.22"]
[PlyCount "109"]

1.e4 e5 2.Nf3 Nc6 3.Bb5 a6 4.Ba4 Nf6 5.Nc3 Bc5 6.Nxe5 Bxf2+ 7.Kxf2 Nxe5 8.
h3 b5 9.d4 Ng6 10.Bb3 Bb7 11.Re1 O-O 12.Kg1 b4 13.Nd5 Nxd5 14.exd5 Kh8 15.
c4 bxc3 16.bxc3 Qh4 17.Ba3 d6 18.Qg4 Qxg4 19.hxg4 Rae8 20.g3 h6 21.Bb4 Bc8
22.Bc4 Bxg4 23.Bxa6 f5 24.Bd3 h5 25.c4 h4 26.Kf2 h3 27.Re6 Rxe6 28.dxe6 c5
29.dxc5 dxc5 30.Bxc5 Rd8 31.Ke3 Ne5 32.Be2 Bxe2 33.Kxe2 Re8 34.e7 Kg8 35.
Rh1 Nxc4 36.Rxh3 Ne5 37.Rh1 Nc6 38.Kf2 Kf7 39.Re1 g5 40.a4 Ra8 41.Rh1 Ne5 
42.Bd6 Ng4+ 43.Kf3 Nf6 44.Ra1 Ne4 45.Bb4 Rb8 46.Ba3 Rb3+ 47.Kg2 Rxg3+ 48.
Kh2 Rc3 49.a5 Rc2+ 50.Kg1 g4 51.a6 Nd2 52.a7 Rc8 53.Bc5 Ra8 54.Rd1 Nf3+ 
55.Kf2 1-0

[Event "21st WCh U20 Girls"]
[Site "Nakhchivan AZE"]
[Date "2003.07.01"]
[Round "9"]
[White "Karavade, Eesha"]
[Black "Tania, Sachdev"]
[Result "1/2-1/2"]
[WhiteElo "2199"]
[BlackElo "2245"]
[EventDate "2003.06.22"]
[PlyCount "69"]

1.e4 c5 2.Nf3 e6 3.d4 cxd4 4.Nxd4 a6 5.Nc3 Qc7 6.Be2 Nf6 7.O-O Be7 8.f4 d6
9.Be3 Nc6 10.Qe1 O-O 11.Qg3 Nd7 12.Kh1 Bf6 13.Rad1 Nxd4 14.Bxd4 Bxd4 15.
Rxd4 Nf6 16.Qd3 Ne8 17.a4 b6 18.f5 Qe7 19.Qg3 Rb8 20.e5 dxe5 21.Qxe5 Qc7 
22.Qxc7 Nxc7 23.fxe6 Bxe6 24.Rfd1 Bf5 25.R1d2 a5 26.Rd6 Rfc8 27.h3 Kf8 28.
Rc6 Ne8 29.Rxc8 Rxc8 30.Kg1 Nf6 31.Rd6 Rb8 32.Bd3 Ke7 33.Rc6 Bd7 34.Rc4 
Rc8 35.Rxc8 1/2-1/2

[Event "21st WCh U20 Girls"]
[Site "Nakhchivan AZE"]
[Date "2003.07.01"]
[Round "9"]
[White "Dzagnidze, Nana"]
[Black "Khudaverdieva, Afag"]
[Result "1-0"]
[WhiteElo "2376"]
[BlackElo "2063"]
[EventDate "2003.06.22"]
[PlyCount "71"]

1.Nf3 d5 2.g3 e6 3.Bg2 c5 4.d3 g6 5.c3 Bg7 6.O-O Ne7 7.Nbd2 Nbc6 8.e4 b6 
9.Qe2 Bb7 10.Re1 Qc7 11.e5 O-O-O 12.b4 cxb4 13.cxb4 Nxb4 14.Ba3 Nbc6 15.
Rac1 Kb8 16.Bd6 Rxd6 17.exd6 Qxd6 18.Nb3 Bh6 19.Rb1 Rc8 20.d4 Ng8 21.a4 
Nb4 22.Ne5 Qe7 23.f4 Ba6 24.Qf3 f6 25.Ng4 Bg7 26.Bf1 h5 27.Bxa6 hxg4 28.
Qe2 Rc2 29.Rbc1 Rxc1 30.Rxc1 Nxa6 31.Qxa6 Qb7 32.Qb5 Ne7 33.Qe8+ Nc8 34.
Qxe6 f5 35.Rc6 Ne7 36.Qd6+ 1-0

[Event "21st WCh U20 Girls"]
[Site "Nakhchivan AZE"]
[Date "2003.07.01"]
[Round "9"]
[White "Topel, Zehra"]
[Black "Mamedyarova, Zeinab"]
[Result "0-1"]
[WhiteElo "2092"]
[BlackElo "2298"]
[EventDate "2003.06.22"]
[PlyCount "80"]

1.d4 Nf6 2.Nf3 e6 3.c4 b6 4.g3 Bb7 5.Bg2 Bb4+ 6.Bd2 Be7 7.O-O O-O 8.Nc3 d5
9.cxd5 Nxd5 10.Qc2 c5 11.dxc5 bxc5 12.Rfd1 Nd7 13.Nxd5 exd5 14.Bf4 Nf6 15.
Ng5 Qb6 16.Be5 g6 17.Nf3 Rfe8 18.b3 d4 19.Nd2 Bxg2 20.Kxg2 Nd7 21.Nc4 Qe6 
22.Bf4 Bf6 23.Re1 g5 24.Bd2 Qd5+ 25.Kg1 d3 26.exd3 Bxa1 27.Rxa1 Re2 28.Qc3
Qf5 29.Be3 Nf6 30.Nd6 Qf3 31.Qxc5 Nd5 32.Bxg5 Re5 33.Qc6 Rb8 34.Be3 Re6 
35.Rc1 Rd8 36.Bf4 Qxd3 37.Qb7 Re7 38.Rc8 Qd1+ 39.Kg2 Nxf4+ 40.gxf4 Qxd6 
0-1

[Event "21st WCh U20 Girls"]
[Site "Nakhchivan AZE"]
[Date "2003.07.01"]
[Round "9"]
[White "Shukurova, Meihriban"]
[Black "Van der Merwe, Cecile"]
[Result "1-0"]
[WhiteElo "2250"]
[BlackElo "2068"]
[EventDate "2003.06.22"]
[PlyCount "45"]

1.e4 e6 2.d4 d5 3.exd5 exd5 4.Nf3 Bg4 5.h3 Bh5 6.g4 Bg6 7.Ne5 Be4 8.Qe2 
Qe7 9.f3 Bg6 10.Nc3 c6 11.Be3 Nd7 12.O-O-O O-O-O 13.Nxc6 bxc6 14.Qa6+ Kc7 
15.Bf4+ Ne5 16.Bxe5+ Kd7 17.Nxd5 Qg5+ 18.f4 Qh4 19.Qb7+ Ke8 20.Qxc6+ Rd7 
21.Nc7+ Kd8 22.Qa8+ Ke7 23.Qe8# 1-0

[Event "21st WCh U20 Girls"]
[Site "Nakhchivan AZE"]
[Date "2003.07.01"]
[Round "9"]
[White "Agaeva, Shahana"]
[Black "Mammadova, Nargiz"]
[Result "1/2-1/2"]
[WhiteElo "2107"]
[BlackElo "2122"]
[EventDate "2003.06.22"]
[PlyCount "151"]

1.e4 c5 2.c3 d5 3.exd5 Qxd5 4.d4 e6 5.Nf3 Nf6 6.Na3 Qd8 7.Nc2 Nbd7 8.g3 b6
9.Bg2 Bb7 10.O-O Be7 11.Qe2 O-O 12.Rd1 Qc8 13.Bg5 h6 14.Bxf6 Nxf6 15.Ne5 
Bxg2 16.Kxg2 Qb7+ 17.Qf3 Qxf3+ 18.Kxf3 Rac8 19.dxc5 Rxc5 20.Nd7 Rf5+ 21.
Kg2 Rc8 22.Nxf6+ Rxf6 23.Rd7 Bc5 24.f3 a5 25.Rad1 e5 26.Rd8+ Rxd8 27.Rxd8+
Kh7 28.b4 axb4 29.cxb4 Be7 30.Re8 Re6 31.a3 Kg6 32.Ne3 f5 33.Nd5 Rd6 34.
Nxb6 Rxb6 35.Rxe7 Ra6 36.Rxe5 Rxa3 37.Re8 Ra2+ 38.Kg1 Rb2 39.Rb8 Kh5 40.h4
g5 41.hxg5 hxg5 42.b5 f4 43.gxf4 gxf4 44.b6 Kg6 45.b7 Kg7 46.Kf1 Kh7 47.
Ke1 Kg7 48.Kd1 Kh7 49.Kc1 Rb5 50.Kc2 Kg7 51.Kd3 Rb4 52.Kc3 Rb1 53.Kd4 Rb5 
54.Ke4 Rb4+ 55.Kf5 Kh7 56.Kf6 Rb6+ 57.Ke7 Kg7 58.Kd7 Rb1 59.Ke6 Rb6+ 60.
Kf5 Rb4 61.Kg5 Kh7 62.Rf8 Rxb7 63.Rxf4 Kg7 64.Ra4 Rb5+ 65.Kg4 Kf6 66.Ra6+ 
Kf7 67.f4 Rc5 68.Ra7+ Kf6 69.Ra6+ Kf7 70.Rd6 Ra5 71.Rd4 Rb5 72.f5 Rb1 73.
Re4 Kf6 74.Re6+ Kf7 75.Re3 Kf6 76.Re6+ 1/2-1/2